000 00359nam a2200133Ia 4500
008 211109s9999||||xx |||||||||||||| ||und||
082 _a920
_bGIL-S
100 _aGillis [james M],
245 0 _aSo Near In God
260 _bS h LEAGUE, ALWAYE NORTH P.O KERALA
_aINDIA
_c1958
630 _xGeneral Stack
650 _aBiography
_vGod
_xGeneralia
942 _cBOOK
999 _c22848
_d22848